000 00387cam a2200145ua 4500
041 _aeng
_h
082 _a828.09
_bSEW/CH
100 _aSewell, Arthur .
245 _aCharacter and society in Shakespeare /
_cArthur Sewell.
_hTextual Documents
260 _aLondon :
_bOxford at the Clarendon Press ,
_c1961.
300 _a149 ; .
504 _a
942 _cBK
999 _c12782
_d12782